LEADER 01088nam0-2200373---450- 001 990008341250403321 005 20060608124607.0 010 $a0-8176-4388-5 035 $a000834125 035 $aFED01000834125 035 $a(Aleph)000834125FED01 035 $a000834125 100 $a20060608d2006----km-y0itay50------ba 101 0 $aeng 102 $aUS 105 $aa---a---001yy 200 1 $aDifferential geometry and analysis on CR manifolds$fS. Dragomir, G. Tomassini 210 $aBoston$cBirkhauser$dc2006 215 $axiv, 487 p.$d24 cm 225 1 $aProgress in mathematics$v246 610 0 $aEquazioni differenziali 610 0 $aGeometria differenziale globale 676 $a516.36$v21$zita 700 1$aDragomir,$bSorin$0439634 701 1$aTomassini,$bGiuseppe$c$0344653 801 0$aIT$bUNINA$gRICA$2UNIMARC 901 $aBK 912 $a990008341250403321 952 $aC-3-(246$b21564$fMA1 959 $aMA1 962 $a35-XX 962 $a53-XX 996 $aDifferential geometry and analysis on CR manifolds$9720989 997 $aUNINA LEADER 01694nas 2200409 n 450 001 990008895320403321 005 20240229084301.0 011 $a0753-3969 035 $a000889532 035 $aFED01000889532 035 $a(Aleph)000889532FED01 035 $a000889532 091 $2CNR$aP 00064457 100 $a20161109a19829999km-y0itaa50------ba 101 0 $afre 102 $aFR 110 $aauu-------- 200 1 $aAnnales de paléontologie [1982] 207 1$a1982- 210 $aParis$cMasson;Elsevier 436 0$1001000889534$12001$aAnnales de paléontologie. Vertébrés 436 0$1001000889533$12001$aAnnales de paléontologie. Invertébrés 452 0$12001$aAnnales de paléontologie [1982] 530 0 $aAnnales de paléontologie [1982] 675 $a56 676 $a560.5 676 $a560 801 0$aIT$bACNP$c20090723 859 4 $uhttp://acnp.cib.unibo.it/cgi-ser/start/it/cnr/dc-p1.tcl?catno=43060&person=false&language=ITALIANO&libr=&libr_th=unina1$zBiblioteche che possiedono il periodico 901 $aSE 912 $a990008895320403321 958 $aBiblioteca del Gruppo Geomineralogico - Università degli studi di Napoli Federico II$b1982-2006;$c2001;$eSc. 14$fGM1 959 $aGM1 996 $aAnnales de paléontologie$9801337 997 $aUNINA AP1 8 $6866-01$aNA081 Biblioteca del Gruppo Geomineralogico - Università degli studi di Napoli Federico II$bSc. 14$elargo San Marcellino, 10, 80138 Napoli (NA)$m0812538157$nit AP2 40$aacnp.cib.unibo.it$nACNP Italian Union Catalogue of Serials$uhttp://acnp.cib.unibo.it/cgi-ser/start/it/cnr/df-p.tcl?catno=43060&language=ITALIANO&libr=&person=&B=1&libr_th=unina&proposto=NO LEADER 01211oam 2200397zu 450 001 9910872699503321 005 20241212214919.0 035 $a(CKB)111026746726256 035 $a(SSID)ssj0000454837 035 $a(PQKBManifestationID)12150196 035 $a(PQKBTitleCode)TC0000454837 035 $a(PQKBWorkID)10397882 035 $a(PQKB)10960133 035 $a(NjHacI)99111026746726256 035 $a(EXLCZ)99111026746726256 100 $a20160829d1999 uy 101 0 $aeng 135 $aur||||||||||| 181 $ctxt 182 $cc 183 $acr 200 10$a1999 IEEE Communications Theory Mini-Conference 210 31$a[Place of publication not identified]$cI E E E$d1999 215 $a1 online resource (200 pages) 300 $aBibliographic Level Mode of Issuance: Monograph 311 08$a9780780356535 311 08$a0780356535 606 $aInformation theory$vCongresses 615 0$aInformation theory 676 $a003.54 712 02$aIEEE, Institute of Electrical and Electronics Engineers, Inc. Staff 801 0$bPQKB 906 $aPROCEEDING 912 $a9910872699503321 996 $a1999 IEEE Communications Theory Mini-Conference$92522881 997 $aUNINA